Преобразователи оптических изображений в телевизионный сигнал на приборах с зарядовой связью: учебное пособие

التفاصيل البيبلوغرافية
المؤلف الرئيسي: Ерганжиев Н. А. Николай Аркадьевич
مؤلف مشترك: Ленинградский электротехнический институт связи им. М. А. Бонч-Бруевича
اللغة:الروسية
منشور في: Ленинград, Изд-во ЛЭИС, 1987
الموضوعات:
التنسيق: كتاب
KOHA link:https://koha.lib.tpu.ru/cgi-bin/koha/opac-detail.pl?biblionumber=273691

MARC

LEADER 00000nam0a2200000 4500
001 273691
005 20231101234644.0
020 |a RU  |b 87-78047 
035 |a (RuTPU)RU\TPU\book\296900 
090 |a 273691 
100 |a 20141028d1987 m y0rusy5003 ca 
101 0 |a rus 
102 |a RU 
105 |a a j 001zy 
200 1 |a Преобразователи оптических изображений в телевизионный сигнал на приборах с зарядовой связью  |e учебное пособие  |f Н. А. Ерганжиев  |g Ленинградский электротехнический институт связи им. М. А. Бонч-Бруевича 
210 |a Ленинград  |c Изд-во ЛЭИС  |d 1987 
215 |a 32 с.  |c ил.  |d 22 см 
320 |a Библиогр.: с. 31 (15 назв.) 
606 1 |a Телевизионная оптика  |2 stltpush  |3 (RuTPU)RU\TPU\subj\59150  |9 76715 
610 1 |a изображения 
610 1 |a формирователи 
610 1 |a сигналы 
610 1 |a монохромные камеры 
610 1 |a учебные пособия 
675 |a 621.397.6(075.8)  |z rus  |v 3 
700 1 |a Ерганжиев  |b Н. А.  |g Николай Аркадьевич  |4 070 
712 0 2 |a Ленинградский электротехнический институт связи им. М. А. Бонч-Бруевича  |2 stltpush  |3 (RuTPU)RU\TPU\col\12894  |9 25559 
801 0 |a RU  |b RuMRKP  |c 19950417  |g psbo 
801 1 |a RU  |b 63413507  |c 20141028 
801 2 |a RU  |b 63413507  |c 20170116  |g RCR 
942 |c BK